[Event "Open Liberec 2015"]
[Site "Liberec (CZE)"]
[Date "2015.02.15"]
[Round "2.9"]
[White "Kuba, Stanislav"]
[Black "Kabelka, Ondrej"]
[Result "1-0"]
[WhiteElo "2164"]
[BlackElo "1923"]
[PlyCount "65"]
[EventDate "2015.02.14"]
[Source "lmi"]
[SourceDate "2015.02.14"]

1. g3 d5 2. Bg2 g6 3. Nf3 Bg7 4. d4 Nf6 5. O-O O-O 6. b3 c5 7. e3 Nbd7 8. Bb2
b6 9. Nbd2 Bb7 10. Ne5 Qc7 11. f4 Ne4 12. Nxe4 dxe4 13. c4 Rad8 14. Qc2 f5 15.
Rad1 e6 16. Qe2 Nxe5 17. fxe5 Qe7 18. a3 Rd7 19. dxc5 bxc5 20. Rxd7 Qxd7 21.
Rd1 Qc7 22. Rd6 Rd8 23. Qd2 Bf6 24. b4 cxb4 25. axb4 Be7 26. c5 a5 27. Rxd8+
Bxd8 28. b5 Be7 29. c6 Bc8 30. Bd4 Bd8 31. Bf1 Kg7 32. Qc3 Qb8 33. Qc5 1-0

[Event "Open Liberec 2015"]
[Site "Liberec (CZE)"]
[Date "2015.02.15"]
[Round "2.10"]
[White "Prachar, Josef"]
[Black "Bjerke, Silje"]
[Result "0-1"]
[WhiteElo "1919"]
[BlackElo "2157"]
[PlyCount "116"]
[EventDate "2015.02.14"]
[Source "lmi"]
[SourceDate "2015.02.14"]

1. d4 Nf6 2. c4 e6 3. Nc3 Bb4 4. a3 Bxc3+ 5. bxc3 c5 6. f3 d5 7. cxd5 Nxd5 8.
dxc5 Qa5 9. e4 Nf6 10. Be3 O-O 11. Qb3 Nfd7 12. Qb4 Qc7 13. Bb5 Ne5 14. Rd1
Nbc6 15. Qa4 Bd7 16. Nh3 a6 17. Be2 Na5 18. Qb4 Bb5 19. Bxb5 axb5 20. O-O Nac4
21. Bc1 Qc6 22. Kh1 Ra4 23. Qb3 Qxc5 24. Nf2 Nxa3 25. f4 Nec4 26. Nd3 Qc6 27.
Ne5 Qc8 28. Rd4 Na5 29. Qd1 Rxd4 30. cxd4 N3c4 31. f5 exf5 32. Rxf5 Nxe5 33.
Rxe5 Rd8 34. h3 Nc6 35. Rc5 Qe6 36. Bb2 Qxe4 37. Rxb5 Ne7 38. Qb3 Nd5 39. Rxb7
Rf8 40. Rb8 g6 41. Rxf8+ Kxf8 42. Qb8+ Kg7 43. Qe5+ Qxe5 44. dxe5 Kf8 45. Kg1
Nf4 46. Ba3+ Ke8 47. Kf1 Kd7 48. h4 Ke6 49. g3 Nd3 50. Bd6 Nxe5 51. Bc7 Kf5 52.
Kg2 f6 53. Kh3 h5 54. Bb8 Ke4 55. Kg2 Ng4 56. Bf4 Ne3+ 57. Kf2 Nf5 58. Kg2
Nxh4+ 0-1

[Event "Open Liberec 2015"]
[Site "Liberec (CZE)"]
[Date "2015.02.15"]
[Round "2.11"]
[White "Nikula, Mikko"]
[Black "Moncayo Romero, Evelyn"]
[Result "1/2-1/2"]
[WhiteElo "1871"]
[BlackElo "2080"]
[PlyCount "103"]
[EventDate "2015.02.14"]
[Source "lmi"]
[SourceDate "2015.02.14"]

1. e4 c5 2. Nf3 d6 3. d4 cxd4 4. Nxd4 Nf6 5. Nc3 a6 6. Be3 e5 7. Nb3 Be7 8. f3
Be6 9. Nd5 Nxd5 10. exd5 Bf5 11. Bd3 Bxd3 12. Qxd3 O-O 13. O-O Nd7 14. c4 Rc8
15. Nd2 f5 16. b4 Bg5 17. f4 Bxf4 18. Bxf4 exf4 19. Rxf4 Qb6+ 20. Qd4 Qxd4+ 21.
Rxd4 Rfe8 22. Kf2 Ne5 23. Rc1 Rc7 24. c5 Ng4+ 25. Kg1 Rec8 26. h3 Nf6 27. Nb3
Nd7 28. Rdc4 a5 29. Nxa5 dxc5 30. d6 b5 31. dxc7 bxc4 32. Rxc4 Rxc7 33. bxc5
Rxc5 34. Rxc5 Nxc5 35. Kf2 g5 36. Ke3 f4+ 37. Kd4 Ne6+ 38. Ke5 Kf7 39. Nc4 Nc5
40. Nb2 Kg6 41. a4 h5 42. a5 h4 43. Kd5 Na6 44. Nd3 Kf5 45. Nf2 f3 46. gxf3 Kf4
47. Ne4 Kxf3 48. Nxg5+ Kf4 49. Ne6+ Kg3 50. Ng5 Kf4 51. Ne6+ Kg3 52. Ng5
1/2-1/2

[Event "Open Liberec 2015"]
[Site "Liberec (CZE)"]
[Date "2015.02.15"]
[Round "2.12"]
[White "Cakl, Zdenek"]
[Black "Mejzr, Jan"]
[Result "1-0"]
[WhiteElo "2060"]
[BlackElo "1861"]
[PlyCount "59"]
[EventDate "2015.02.14"]
[Source "lmi"]
[SourceDate "2015.02.14"]

1. Nf3 g6 2. e4 d6 3. d4 Bg7 4. Nc3 Nf6 5. Bc4 O-O 6. O-O Nfd7 7. Bg5 Nb6 8.
Bb3 a5 9. Na4 Nxa4 10. Bxa4 Bg4 11. c3 Nd7 12. h3 Bxf3 13. Qxf3 Nb6 14. Bc2 Qd7
15. Rad1 f6 16. Be3 Kh8 17. Qe2 Qe8 18. f4 d5 19. Bc1 e6 20. b3 Qc6 21. Bb2 f5
22. e5 a4 23. Bd3 Qd7 24. c4 dxc4 25. bxc4 a3 26. Ba1 Ra4 27. c5 Qd5 28. cxb6
cxb6 29. Rc1 Rd8 30. Bc4 1-0

[Event "Open Liberec 2015"]
[Site "Liberec (CZE)"]
[Date "2015.02.15"]
[Round "2.13"]
[White "Strand, Oyvin"]
[Black "Brechlin, Olaf"]
[Result "1-0"]
[WhiteElo "1845"]
[BlackElo "2041"]
[PlyCount "137"]
[EventDate "2015.02.14"]
[Source "lmi"]
[SourceDate "2015.02.14"]

1. d4 d5 2. Nf3 Nf6 3. b3 Bf5 4. e3 e6 5. Bd3 Bg6 6. O-O Nbd7 7. Bb2 c5 8. Qe2
Rc8 9. Ne5 Bd6 10. Nd2 O-O 11. Nxg6 hxg6 12. f4 Re8 13. c3 a6 14. a4 Bb8 15.
Rf3 Qc7 16. Rh3 Ba7 17. Qf2 Qd8 18. Nf3 Ng4 19. Qe2 c4 20. bxc4 dxc4 21. Bc2
Bb8 22. Ne5 Bxe5 23. fxe5 Nh6 24. Rf1 b5 25. Qf3 Nf8 26. e4 Rc7 27. Bc1 g5 28.
Qh5 Nh7 29. Rg3 Qe7 30. Bxg5 Nxg5 31. Rxg5 Kh8 32. axb5 axb5 33. d5 exd5 34.
exd5 Qc5+ 35. Kh1 Qxd5 36. Rd1 Qe6 37. h3 Rd7 38. Rf1 Rde7 39. Bf5 Qxe5 40. Bd7
Qxc3 41. Bxe8 Rxe8 42. Rxb5 Re1 43. Rb1 Rxb1 44. Rxb1 Qd3 45. Qd1 Qe4 46. Rb8+
Kh7 47. Qb1 Qxb1+ 48. Rxb1 Nf5 49. Rc1 Nd6 50. Rd1 Nb5 51. Rd5 Na3 52. Ra5 Nb1
53. Ra1 Nd2 54. Kg1 c3 55. Kf2 f5 56. Ke3 g5 57. g4 fxg4 58. hxg4 Kg6 59. Ra6+
Kg7 60. Kd3 Nf3 61. Kxc3 Ne5 62. Ra4 Kf6 63. Kd2 Ke6 64. Ke3 Kd6 65. Kf2 Ke6
66. Kg3 Kd5 67. Ra8 Ke6 68. Ra6+ Kd5 69. Rf6 1-0

[Event "Open Liberec 2015"]
[Site "Liberec (CZE)"]
[Date "2015.02.15"]
[Round "2.14"]
[White "Dadello, Aleksandra"]
[Black "Ulicny, Daniel"]
[Result "1-0"]
[WhiteElo "2036"]
[BlackElo "1842"]
[PlyCount "67"]
[EventDate "2015.02.14"]
[Source "lmi"]
[SourceDate "2015.02.14"]

1. e4 e5 2. Nf3 Nf6 3. Nxe5 d6 4. Nf3 Nxe4 5. c4 Be7 6. Nc3 Nxc3 7. dxc3 Nc6 8.
Bd3 Bg4 9. Be4 O-O 10. O-O Re8 11. h3 Be6 12. Qd3 h6 13. Nd4 Nxd4 14. Qxd4 Bf6
15. Qd3 Rb8 16. Be3 b6 17. a4 Qd7 18. Rfd1 Rbd8 19. a5 Qe7 20. axb6 axb6 21.
Ra7 Rb8 22. Bc6 Rec8 23. Re1 Bd7 24. Bd2 Qxe1+ 25. Bxe1 Bxc6 26. Bd2 Bb7 27.
Qf5 Re8 28. Bxh6 Re1+ 29. Kh2 Be5+ 30. Bf4 Be4 31. Qg4 f5 32. Qg3 Ra8 33. Bxe5
dxe5 34. Rxc7 1-0

[Event "Open Liberec 2015"]
[Site "Liberec (CZE)"]
[Date "2015.02.15"]
[Round "2.16"]
[White "Novotny, Jaroslav"]
[Black "Domanski, Lukasz"]
[Result "0-1"]
[WhiteElo "2022"]
[BlackElo "1821"]
[PlyCount "80"]
[EventDate "2015.02.14"]
[Source "lmi"]
[SourceDate "2015.02.14"]

1. e4 e5 2. Nf3 d6 3. d4 exd4 4. Nxd4 g6 5. Be3 Nf6 6. Nc3 Bg7 7. Qd2 O-O 8.
O-O-O Nc6 9. f3 Nxd4 10. Bxd4 Be6 11. g4 c5 12. Be3 Qa5 13. a3 Rfd8 14. Nd5
Qxd2+ 15. Rxd2 Bxd5 16. exd5 Re8 17. Bf4 Re1+ 18. Rd1 Rxd1+ 19. Kxd1 Nxd5 20.
Bxd6 Bxb2 21. Bxc5 b6 22. Bb4 a5 23. Bd2 Bxa3 24. Bd3 Rd8 25. Ke2 Bc5 26. Bb5
Bb4 27. Bxb4 Nxb4 28. Rd1 Rc8 29. c4 Na2 30. Rd6 Nc3+ 31. Kd3 Nxb5 32. cxb5 Rb8
33. g5 Kf8 34. h4 Ke7 35. Rf6 Rd8+ 36. Kc4 Rd6 37. Rf4 f5 38. gxf6+ Rxf6 39.
Re4+ Re6 40. Rg4 Re5 0-1

[Event "Open Liberec 2015"]
[Site "Liberec (CZE)"]
[Date "2015.02.15"]
[Round "2.17"]
[White "Jaksa, Petr"]
[Black "Spreer, Lutz"]
[Result "0-1"]
[WhiteElo "1814"]
[BlackElo "1637"]
[PlyCount "42"]
[EventDate "2015.02.14"]
[Source "lmi"]
[SourceDate "2015.02.14"]

1. d4 b6 2. c4 e6 3. Nc3 Bb7 4. e4 Bb4 5. Qc2 Qh4 6. Bd3 f5 7. Nf3 Qg4 8. Bf1
Bxe4 9. Qe2 Nf6 10. h3 Qh5 11. Bd2 Bxc3 12. Bxc3 O-O 13. Nd2 Qg6 14. Nxe4 Nxe4
15. Bb4 c5 16. dxc5 bxc5 17. Bd2 Nc6 18. O-O-O Nd4 19. Qe3 f4 20. Qa3 Nxf2 21.
Qxc5 Qc2# 0-1

[Event "Open Liberec 2015"]
[Site "Liberec (CZE)"]
[Date "2015.02.15"]
[Round "2.18"]
[White "Kopecky, Zdenek"]
[Black "Klucznik, Andre"]
[Result "0-1"]
[WhiteElo "1618"]
[BlackElo "1776"]
[PlyCount "58"]
[EventDate "2015.02.14"]
[Source "lmi"]
[SourceDate "2015.02.14"]

1. d4 Nf6 2. c4 d6 3. Nc3 g6 4. e4 Bg7 5. Be2 O-O 6. Nf3 Na6 7. O-O e5 8. d5
Nc5 9. Qc2 a5 10. Be3 b6 11. h3 Bd7 12. Nd2 Ne8 13. f4 f5 14. fxe5 Bxe5 15. Bf3
f4 16. Bf2 g5 17. Nb3 Nxb3 18. Qxb3 Nf6 19. Qd1 Qe8 20. Bd4 h5 21. Bxe5 dxe5
22. Qe1 g4 23. hxg4 hxg4 24. Bd1 Qh5 25. g3 Nh7 26. Rf2 fxg3 27. Rg2 Ng5 28.
Rxg3 Nh3+ 29. Kg2 Rf2+ 0-1

[Event "Open Liberec 2015"]
[Site "Liberec (CZE)"]
[Date "2015.02.15"]
[Round "2.19"]
[White "Czarniecka, Aleksandra"]
[Black "Krajinski, Lutz"]
[Result "1-0"]
[WhiteElo "1411"]
[BlackElo "1713"]
[PlyCount "79"]
[EventDate "2015.02.14"]
[Source "lmi"]
[SourceDate "2015.02.14"]

1. e4 c5 2. Nf3 Nc6 3. d4 cxd4 4. Nxd4 Nf6 5. Nc3 a6 6. Be3 e6 7. Qd2 Bb4 8. f3
O-O 9. a3 Ba5 10. O-O-O Qc7 11. Nb3 b5 12. Nxa5 Nxa5 13. Qf2 Nc4 14. Bc5 d6 15.
Bb4 Rd8 16. Bxc4 bxc4 17. Qd2 Ne8 18. Ne2 Bb7 19. Ba5 Qc5 20. Bxd8 Rxd8 21. Qd4
Qg5+ 22. Kb1 Qxg2 23. Qe3 Qg6 24. Qb6 Rd7 25. Nd4 Qf6 26. Rhe1 e5 27. Nf5 g6
28. Rg1 Kf8 29. Ne3 Qxf3 30. Nxc4 Bxe4 31. Nxe5 Rb7 32. Nxf3 Rxb6 33. Ng5 Nf6
34. Rdf1 Bf5 35. Nf3 Ne4 36. Kc1 Bh3 37. Re1 Nc5 38. Ng5 Bf5 39. Nxh7+ Kg7 40.
Ng5 1-0

[Event "Open Liberec 2015"]
[Site "Liberec (CZE)"]
[Date "2015.02.16"]
[Round "3.2"]
[White "Plischki, Sebastian"]
[Black "Balinski, Damian"]
[Result "1-0"]
[WhiteElo "2386"]
[BlackElo "2156"]
[PlyCount "151"]
[EventDate "2015.02.14"]
[Source "lmi"]
[SourceDate "2015.02.14"]

1. Nf3 Nf6 2. c4 g6 3. Nc3 Bg7 4. e4 d6 5. d4 O-O 6. Be2 Na6 7. O-O e5 8. Re1
Bg4 9. Be3 Bxf3 10. Bxf3 exd4 11. Bxd4 Nb4 12. Be3 Nc6 13. Be2 Nd7 14. Qd2 Nc5
15. f3 Ne6 16. Rad1 Ncd4 17. Bf1 f5 18. exf5 gxf5 19. f4 Qd7 20. Qf2 c5 21. g3
a6 22. Bg2 Kh8 23. h3 Rab8 24. Kh2 b5 25. Bd5 bxc4 26. Bxc4 Qb7 27. Nd5 Qxb2
28. Rd2 Qb7 29. Bxd4 Nxd4 30. Re7 Qb1 31. Bf1 Rbe8 32. Bg2 Rxe7 33. Nxe7 Re8
34. Nc6 Qa1 35. h4 Re1 36. Nxd4 Bxd4 37. Qf3 Re8 38. Re2 Rxe2 39. Qxe2 Bg1+ 40.
Kh3 Qf6 41. Qxa6 Qg6 42. Qe2 c4 43. Qb2+ Qg7 44. Qb8+ Qg8 45. Qxg8+ Kxg8 46.
Bd5+ Kg7 47. Bxc4 Bc5 48. a4 Bb4 49. h5 Kh6 50. Kh4 Ba5 51. Be6 Bd8+ 52. Kh3
Kxh5 53. Bxf5 Kh6 54. g4 Kg7 55. g5 h6 56. Kg4 hxg5 57. fxg5 Ba5 58. Bd3 Bc3
59. Kf5 Kf7 60. g6+ Ke7 61. Bc4 Kd7 62. a5 Kc6 63. a6 Kb6 64. Ke6 Be5 65. Bd3
Kc7 66. Kf7 d5 67. g7 Bxg7 68. Kxg7 Kb6 69. Kf6 Ka7 70. Ke5 d4 71. Kxd4 Kb6 72.
Kd5 Ka7 73. Kc6 Kb8 74. Kb6 Ka8 75. Bf5 Kb8 76. a7+ 1-0

[Event "Open Liberec 2015"]
[Site "Liberec (CZE)"]
[Date "2015.02.16"]
[Round "3.3"]
[White "Buchcar, Tomas"]
[Black "Simek, Petr"]
[Result "0-1"]
[WhiteElo "2098"]
[BlackElo "2383"]
[PlyCount "148"]
[EventDate "2015.02.14"]
[Source "lmi"]
[SourceDate "2015.02.14"]

1. d4 g6 2. Bg5 Bg7 3. e3 b6 4. f4 Bb7 5. Nf3 Nf6 6. Bd3 c5 7. Bxf6 Bxf6 8. O-O
cxd4 9. Nxd4 O-O 10. Nd2 d6 11. Be4 Bxe4 12. Nxe4 Bg7 13. c3 Na6 14. Qe2 Qc8
15. Rad1 Qb7 16. Nf2 Nc5 17. Nf3 b5 18. e4 b4 19. c4 b3 20. a3 Rac8 21. Rd2 Rc7
22. Rfd1 Qa6 23. e5 dxe5 24. Nxe5 Ne6 25. Nfd3 Bxe5 26. Nxe5 Nxf4 27. Qe3 Nh5
28. Qxb3 Qe6 29. Re1 f6 30. Nf3 Qf7 31. Qb4 e5 32. c5 Rfc8 33. Rc1 Nf4 34. Qb5
e4 35. Ne1 Qe6 36. g3 Nh3+ 37. Kg2 Ng5 38. Rdc2 Kg7 39. b4 Rd8 40. Qe2 e3 41.
Nf3 Qe4 42. h4 Rcd7 43. hxg5 Rd2 44. gxf6+ Kxf6 45. Kf1 Rxe2 46. Kxe2 Qd3+ 47.
Ke1 Qxa3 48. Rc4 e2 49. R1c3 Qb2 50. Rc2 Qb1+ 51. Kxe2 Qh1 52. Kf2 Rd1 53. Rf4+
Kg7 54. Re2 Qf1+ 55. Ke3 Qh3 56. g4 g5 57. Rf5 h6 58. c6 Qxg4 59. Re5 Qxb4 60.
Kf2 Qb6+ 61. Kg3 Qxc6 62. R2e3 Qd6 63. Kg4 Kf6 64. Rf5+ Kg7 65. Rfe5 Qd7+ 66.
Kg3 Qc7 67. Kg4 Rd7 68. R3e4 Rf7 69. Nd4 Qc1 70. Ne6+ Kh7 71. Re1 Qc4+ 72. R5e4
Qd5 73. R4e3 Qf5+ 74. Kh5 Qf2 0-1

[Event "Open Liberec 2015"]
[Site "Liberec (CZE)"]
[Date "2015.02.16"]
[Round "3.4"]
[White "Vlasak, Lukas"]
[Black "Cakl, Zdenek"]
[Result "1-0"]
[WhiteElo "2353"]
[BlackElo "2060"]
[PlyCount "41"]
[EventDate "2015.02.14"]
[Source "lmi"]
[SourceDate "2015.02.14"]

1. e4 c5 2. Nf3 d6 3. d4 cxd4 4. Nxd4 Nf6 5. Nc3 a6 6. Be3 e6 7. Be2 Qc7 8. O-O
Be7 9. f4 b5 10. Bf3 Bb7 11. e5 dxe5 12. Bxb7 Qxb7 13. fxe5 Nd5 14. Qf3 O-O 15.
Nf5 Nc6 16. Nxd5 exd5 17. Bh6 Bc5+ 18. Kh1 Nxe5 19. Qg3 Ng6 20. Bxg7 Rfe8 21.
Qc3 1-0

[Event "Open Liberec 2015"]
[Site "Liberec (CZE)"]
[Date "2015.02.16"]
[Round "3.5"]
[White "Dadello, Aleksandra"]
[Black "Dambrauskas, Virginijus"]
[Result "1/2-1/2"]
[WhiteElo "2036"]
[BlackElo "2312"]
[PlyCount "44"]
[EventDate "2015.02.14"]
[Source "lmi"]
[SourceDate "2015.02.14"]

1. e4 c5 2. Nf3 e6 3. d4 cxd4 4. Nxd4 a6 5. Bd3 Bc5 6. Nb3 Be7 7. O-O d6 8. c4
Nf6 9. Nc3 Nbd7 10. Qe2 O-O 11. f4 Qc7 12. Bd2 Nc5 13. Nxc5 Qxc5+ 14. Kh1 Qh5
15. Rf3 Nd7 16. e5 dxe5 17. Rh3 Qxe2 18. Bxh7+ Kh8 19. Bg6+ Kg8 20. Bh7+ Kh8
21. Bd3+ Kg8 22. Bh7+ Kh8 1/2-1/2

[Event "Open Liberec 2015"]
[Site "Liberec (CZE)"]
[Date "2015.02.16"]
[Round "3.6"]
[White "Kucera, Petr"]
[Black "Bradac, Daniel"]
[Result "1-0"]
[WhiteElo "2252"]
[BlackElo "1932"]
[PlyCount "59"]
[EventDate "2015.02.14"]
[Source "lmi"]
[SourceDate "2015.02.14"]

1. d4 Nf6 2. Bg5 e6 3. e4 h6 4. Bxf6 Qxf6 5. Nf3 c5 6. c3 cxd4 7. cxd4 d5 8.
Bb5+ Bd7 9. Bxd7+ Nxd7 10. exd5 Bb4+ 11. Nc3 exd5 12. O-O Bxc3 13. bxc3 O-O 14.
Qb3 Qc6 15. Rab1 b6 16. Rfe1 Rfe8 17. Qa3 Qg6 18. Rbc1 Nf6 19. Rxe8+ Rxe8 20.
Qxa7 Re2 21. Qxb6 Rxa2 22. Qb3 Re2 23. Re1 Qe4 24. Qd1 Rxe1+ 25. Nxe1 h5 26.
Qd2 h4 27. h3 Qb1 28. Kh2 Ne4 29. Qe3 Qc2 30. Nxc2 1-0

[Event "Open Liberec 2015"]
[Site "Liberec (CZE)"]
[Date "2015.02.16"]
[Round "3.7"]
[White "Domanski, Lukasz"]
[Black "Kuba, Stanislav"]
[Result "0-1"]
[WhiteElo "1821"]
[BlackElo "2164"]
[PlyCount "50"]
[EventDate "2015.02.14"]
[Source "lmi"]
[SourceDate "2015.02.14"]

1. b3 Nf6 2. Bb2 g6 3. Bxf6 exf6 4. c4 Bg7 5. Nc3 f5 6. g3 O-O 7. Bg2 d6 8. e3
c6 9. Nge2 Nd7 10. O-O a5 11. d4 Re8 12. Qc2 Nf6 13. Rfc1 Bh6 14. a3 Ng4 15.
Nf4 Bd7 16. h3 Nf6 17. Rab1 g5 18. Nfe2 f4 19. gxf4 gxf4 20. Nxf4 Bxf4 21. exf4
Nh5 22. Ne2 Qh4 23. Qd3 Kh8 24. Kh2 Qxf2 25. Rc2 Re3 0-1

[Event "Open Liberec 2015"]
[Site "Liberec (CZE)"]
[Date "2015.02.16"]
[Round "3.8"]
[White "Roeder, Matthias"]
[Black "Nikula, Mikko"]
[Result "1-0"]
[WhiteElo "2414"]
[BlackElo "1871"]
[PlyCount "39"]
[EventDate "2015.02.14"]
[Source "lmi"]
[SourceDate "2015.02.14"]

1. Nf3 d5 2. c4 d4 3. b4 Bg4 4. Qb3 f6 5. Na3 e5 6. Nc2 c6 7. e3 dxe3 8. fxe3
Nh6 9. Be2 Be6 10. d4 exd4 11. exd4 Nf5 12. O-O Qb6 13. Kh1 a5 14. d5 a4 15.
Qd3 cxd5 16. c5 Qc7 17. Nfd4 Nxd4 18. Nxd4 Bd7 19. Bf4 Qd8 20. Bh5+ 1-0

[Event "Open Liberec 2015"]
[Site "Liberec (CZE)"]
[Date "2015.02.16"]
[Round "3.9"]
[White "Grela, Kacper"]
[Black "Vaclavicek, Lukas"]
[Result "1-0"]
[WhiteElo "2165"]
[BlackElo "2010"]
[PlyCount "61"]
[EventDate "2015.02.14"]
[Source "lmi"]
[SourceDate "2015.02.14"]

1. e4 c5 2. Nf3 d6 3. d4 cxd4 4. Nxd4 Nf6 5. Nc3 a6 6. Bg5 e6 7. f4 h6 8. Bh4
Be7 9. Qf3 Nbd7 10. O-O-O Qc7 11. Bg3 b5 12. e5 Bb7 13. Qe2 dxe5 14. fxe5 Nd5
15. Nxd5 Bxd5 16. Nf5 Bg5+ 17. Kb1 Bxa2+ 18. Kxa2 exf5 19. e6 Qa5+ 20. Kb1 Nb6
21. exf7+ Kxf7 22. Qe5 Rhd8 23. Qxf5+ Bf6 24. Bd3 Rd5 25. Qg6+ Kf8 26. Rhf1 Nd7
27. Be4 Rxd1+ 28. Rxd1 Rd8 29. Bd6+ Kg8 30. Qh7+ Kf7 31. Bd5+ 1-0

[Event "Open Liberec 2015"]
[Site "Liberec (CZE)"]
[Date "2015.02.16"]
[Round "3.10"]
[White "Sobeck, Guenter"]
[Black "Mejzr, Jan"]
[Result "1-0"]
[WhiteElo "2107"]
[BlackElo "1861"]
[PlyCount "83"]
[EventDate "2015.02.14"]
[Source "lmi"]
[SourceDate "2015.02.14"]

1. e4 c5 2. b3 Nc6 3. Bb2 d6 4. Nc3 Nf6 5. Bb5 Bd7 6. Nge2 a6 7. Bxc6 Bxc6 8.
d3 b5 9. Nf4 e6 10. Qe2 Be7 11. O-O O-O 12. a4 b4 13. Nd1 e5 14. Nh5 Nxh5 15.
Qxh5 Bf6 16. Ne3 g6 17. Qe2 Bg7 18. f4 f6 19. f5 g5 20. h4 h6 21. hxg5 hxg5 22.
Kf2 Qe8 23. Rh1 Rd8 24. Ng4 Rf7 25. Rh3 d5 26. Rah1 Qd7 27. Nh6+ Bxh6 28. Rxh6
Kf8 29. Qh5 Ke7 30. Bxe5 Rdf8 31. Bxf6+ Rxf6 32. Qxg5 Qd6 33. e5 Qxe5 34. Re1
Qxe1+ 35. Kxe1 d4 36. g4 Bf3 37. Rxf6 Rxf6 38. Qg7+ Rf7 39. Qe5+ Kf8 40. f6 Kg8
41. Qe8+ Rf8 42. Qg6+ 1-0

[Event "Open Liberec 2015"]
[Site "Liberec (CZE)"]
[Date "2015.02.16"]
[Round "3.11"]
[White "Brechlin, Olaf"]
[Black "Ulicny, Daniel"]
[Result "1-0"]
[WhiteElo "2041"]
[BlackElo "1842"]
[PlyCount "75"]
[EventDate "2015.02.14"]
[Source "lmi"]
[SourceDate "2015.02.14"]

1. Nc3 d5 2. e4 d4 3. Nce2 c5 4. Ng3 Nc6 5. f4 e5 6. f5 Nf6 7. Nf3 Bd6 8. Bc4
Na5 9. Bb5+ Bd7 10. Bxd7+ Qxd7 11. d3 h6 12. Bd2 Nc6 13. O-O O-O-O 14. a3 Rdg8
15. b4 g5 16. fxg6 fxg6 17. bxc5 Bxc5 18. Nxe5 Nxe5 19. Rxf6 Ng4 20. Rf4 h5 21.
Bb4 Bxb4 22. axb4 Qd6 23. Rf7 Rf8 24. Qf3 Nxh2 25. Kxh2 Rxf7 26. Qxf7 h4 27.
Rxa7 Qxg3+ 28. Kg1 Qe1+ 29. Qf1 Qe3+ 30. Kh1 Kb8 31. Qa1 Rh5 32. Ra8+ Kc7 33.
Qf1 Rh7 34. Qg1 Rf7 35. Qa1 Qg5 36. Qa5+ Qxa5 37. Rxa5 b6 38. Ra7+ 1-0

[Event "Open Liberec 2015"]
[Site "Liberec (CZE)"]
[Date "2015.02.16"]
[Round "3.12"]
[White "Wolf, Andreas"]
[Black "Berger, Volkmar"]
[Result "1-0"]
[WhiteElo "2035"]
[BlackElo "1801"]
[PlyCount "45"]
[EventDate "2015.02.14"]
[Source "lmi"]
[SourceDate "2015.02.14"]

1. d4 Nf6 2. c4 d5 3. cxd5 Nxd5 4. e4 Nf6 5. Nc3 e5 6. Nf3 exd4 7. Qxd4 Qxd4 8.
Nxd4 c6 9. Bg5 Nbd7 10. Nf5 h6 11. Bh4 g6 12. Nd4 Bg7 13. O-O-O O-O 14. f3 a6
15. Bf2 Ne5 16. f4 Ned7 17. Be2 Nb8 18. Bf3 Bg4 19. e5 Bxf3 20. Nxf3 Nh5 21.
Be3 Bh8 22. Ne4 Ng7 23. Nf6# 1-0

[Event "Open Liberec 2015"]
[Site "Liberec (CZE)"]
[Date "2015.02.16"]
[Round "3.13"]
[White "Slechta, Jan"]
[Black "Ptacek, Tomas"]
[Result "0-1"]
[WhiteElo "1769"]
[BlackElo "2009"]
[PlyCount "48"]
[EventDate "2015.02.14"]
[Source "lmi"]
[SourceDate "2015.02.14"]

1. d4 Nf6 2. c4 g6 3. Nc3 Bg7 4. e4 d6 5. f3 O-O 6. Be3 e5 7. dxe5 dxe5 8. Qxd8
Rxd8 9. Bg5 c6 10. Rd1 Rxd1+ 11. Kxd1 Na6 12. a3 Nc5 13. g3 Be6 14. Kc2 a5 15.
Be3 Nfd7 16. b3 Bf8 17. h4 b5 18. b4 axb4 19. axb4 Na4 20. cxb5 Nxc3 21. bxc6
Bxb4 22. cxd7 Ra2+ 23. Kd3 Bxd7 24. Kc4 Rb2 0-1

[Event "Open Liberec 2015"]
[Site "Liberec (CZE)"]
[Date "2015.02.16"]
[Round "3.14"]
[White "Von Keyserlingk, Chanda"]
[Black "Wasik, Piotr"]
[Result "0-1"]
[WhiteElo "1706"]
[BlackElo "1986"]
[PlyCount "114"]
[EventDate "2015.02.14"]
[Source "lmi"]
[SourceDate "2015.02.14"]

1. d4 d5 2. c4 c6 3. Nc3 Nf6 4. Nf3 a6 5. e3 b5 6. cxd5 cxd5 7. Bd3 Bb7 8. O-O
Nbd7 9. b3 e6 10. Bb2 Rc8 11. Rc1 Bd6 12. Ne2 Rxc1 13. Qxc1 Qb8 14. Qa1 h5 15.
Ne5 Ng4 16. h3 Ngxe5 17. dxe5 Bxe5 18. f4 Bxb2 19. Qxb2 Nf6 20. Qa3 Kd7 21. Nd4
Rc8 22. Nf3 Qc7 23. Ne5+ Ke8 24. Qb2 Qb6 25. Qf2 Rc3 26. Re1 Nd7 27. Nxd7 Kxd7
28. Bh7 Ke8 29. Qg3 Kf8 30. f5 exf5 31. Bxf5 g6 32. Bd7 Qc7 33. Qh4 Rc2 34. Be6
fxe6 35. Qf6+ Qf7 36. Qd8+ Kg7 37. Rf1 Qg8 38. Qe7+ Kh6 39. Qxb7 Qg7 40. Qxa6
Qb2 41. Qd6 Rxg2+ 42. Kh1 Rf2 43. Rg1 Qe2 44. Rxg6+ Kxg6 45. Qxe6+ Rf6 46. Qg8+
Kh6 47. Qh8+ Kg5 48. Qg7+ Kf5 49. Qd7+ Ke5 50. Qe7+ Re6 51. Qc7+ Ke4 52. Qf4+
Kd3 53. Qd4+ Kc2 54. Qc5+ Kb2 55. Qd4+ Kb1 56. Qxd5 Qxe3 57. Qxh5 Qe1+ 0-1

[Event "Open Liberec 2015"]
[Site "Liberec (CZE)"]
[Date "2015.02.16"]
[Round "3.15"]
[White "Sernecki, Franciszek"]
[Black "Svec, Ludek"]
[Result "1-0"]
[WhiteElo "1978"]
[BlackElo "1705"]
[PlyCount "65"]
[EventDate "2015.02.14"]
[Source "lmi"]
[SourceDate "2015.02.14"]

1. e4 c5 2. Nf3 e6 3. c3 Nf6 4. e5 Nd5 5. d4 cxd4 6. cxd4 Nc6 7. Bc4 Nb6 8. Bb5
Bb4+ 9. Bd2 Nd5 10. O-O Qb6 11. Bxc6 bxc6 12. Nc3 Nxc3 13. Bxc3 Be7 14. Nd2 Ba6
15. Re1 c5 16. Ne4 c4 17. Qg4 Rg8 18. d5 Bb7 19. d6 Bd8 20. Nd2 Bd5 21. Nxc4
Bxc4 22. Qxc4 a6 23. Qe4 Qa7 24. Bd4 Qb8 25. Qxh7 Kf8 26. Re3 Qb5 27. Qd3 Rh8
28. Qxb5 axb5 29. Rb3 Rh4 30. Bc3 Rb8 31. a4 b4 32. a5 Rc4 33. a6 1-0

[Event "Open Liberec 2015"]
[Site "Liberec (CZE)"]
[Date "2015.02.16"]
[Round "3.16"]
[White "Nemcova, Kamila"]
[Black "Grzesik, Norbert"]
[Result "1-0"]
[WhiteElo "1697"]
[BlackElo "1961"]
[PlyCount "115"]
[EventDate "2015.02.14"]
[Source "lmi"]
[SourceDate "2015.02.14"]

1. e4 c5 2. Nf3 Nc6 3. d4 cxd4 4. Nxd4 Nf6 5. Nc3 e5 6. Ndb5 d6 7. Bg5 a6 8.
Na3 b5 9. Nd5 Be7 10. Bxf6 Bxf6 11. c4 b4 12. Nc2 a5 13. g3 O-O 14. Bg2 g6 15.
O-O Bg7 16. Qd2 Ra7 17. Rad1 Bg4 18. f3 Be6 19. b3 f5 20. f4 Rd7 21. exf5 gxf5
22. Kh1 e4 23. Qf2 Bxd5 24. cxd5 Ne7 25. Nd4 Qa8 26. Ne6 Rc8 27. Bh3 Nxd5 28.
Nxg7 Rxg7 29. Bxf5 e3 30. Be6+ Kf8 31. Bxd5 exf2 32. Bxa8 Rxa8 33. Rxd6 Re7 34.
Rxf2 Re3 35. Rd4 Ke7 36. Rfd2 Ra7 37. Rd6 Ke8 38. Kg2 a4 39. Kf2 axb3 40. Kxe3
bxa2 41. Rd8+ Ke7 42. R8d7+ Rxd7 43. Rxa2 Ke6 44. Rb2 Rb7 45. Kd4 Kf5 46. Kc4
Kg4 47. Rxb4 Rd7 48. Rb2 h5 49. Rf2 h4 50. gxh4 Kxh4 51. f5 Kg5 52. f6 Rf7 53.
h4+ Kg6 54. h5+ Kxh5 55. Kd5 Kg6 56. Ke6 Ra7 57. f7 Ra6+ 58. Kd5 1-0

[Event "Open Liberec 2015"]
[Site "Liberec (CZE)"]
[Date "2015.02.16"]
[Round "3.18"]
[White "Frej, Zofia"]
[Black "Vetter, Udo"]
[Result "1-0"]
[WhiteElo "1804"]
[BlackElo "1616"]
[PlyCount "41"]
[EventDate "2015.02.14"]
[Source "lmi"]
[SourceDate "2015.02.14"]

1. e4 c5 2. Nf3 Nc6 3. c3 g6 4. d4 cxd4 5. cxd4 d6 6. Nc3 Bg7 7. Be3 Nf6 8. d5
Ne5 9. Nxe5 dxe5 10. Bc4 a6 11. f3 O-O 12. O-O b5 13. Bb3 Bb7 14. Rc1 Rc8 15.
Qd2 Qd6 16. Ne2 Rfd8 17. Qa5 Nd7 18. Rc3 Rxc3 19. Qxd8+ Bf8 20. Nxc3 Nc5 21.
Qxd6 1-0